[Event "FRA-ch U18"]
[Site "Agen"]
[Date "2022.04.19"]
[Round "4"]
[White "Avanesyan, David"]
[Black "Mas, Victor"]
[Result "0-1"]
[WhiteElo "2130"]
[BlackElo "2160"]
[PlyCount "94"]
[EventDate "2022.04.16"]
[EventType "swiss"]
[EventRounds "9"]
[EventCountry "FRA"]
[SourceTitle "EXT 2023"]
[Source "ChessBase"]
[SourceDate "2022.10.05"]
[SourceVersion "1"]
[SourceVersionDate "2022.10.05"]
[SourceQuality "1"]

1. e4 e5 2. Nf3 Nc6 3. d4 exd4 4. Nxd4 Nf6 5. Nxc6 bxc6 6. e5 Qe7 7. Qe2 Nd5 8. c4 Nb6 9. Nd2 Qe6 10. Qe4 a5 11. Be2 Bb4 12. a3 d5 13. Qf4 Be7 14. Nf3 Nxc4 15. Bxc4 dxc4 16. 0-0 0-0 17. Bd2 Qg6 18. Rfe1 Be6 19. Rad1 Rfd8 20. Bc3 Bh3 21. Qg3 Qxg3 22. hxg3 Be6 23. Rxd8+ Bxd8 24. Nd4 Bd5 25. Nf5 Kf8 26. Rd1 g6 27. Ne3 Be6 28. Rc1 Bg5 29. f4 Be7 30. Bd4 Rd8 31. Bc3 Rd3 32. Nf1 a4 33. Kh2 Bc5 34. Re1 Bxa3 35. Ra1 Bc5 36. Nd2 a3 37. Ne4 Be7 38. Nf6 Bd5 39. Be1 axb2 40. Ra8+ Kg7 41. Rg8+ Kh6 42. g4 Bxf6 43. Bb4 Bg7 44. Be7 f6 45. Rb8 Rb3 46. Rxb3 cxb3 47. Kh3 Be6 0-1